Score 0/14 Timer 02:00
1 Play Today
Clue 4-Letter Word % Correct
'The buck stops ____!'HERE
98%
Sandra Bullock's 'While You ___ Sleeping'WERE
97.9%
What one typically does from nine to fiveWORK
96.4%
Had on clothesWORE
93.6%
One of forty while sleepingWINK
91.8%
Dip a doughnutDUNK
87.3%
Red, white or rosé, e.g.WINE
87%
Clue 4-Letter Word % Correct
Wife of ZeusHERA
85.6%
Political nerd?WONK
83.7%
Dwindle in sizeWANE
83.3%
A person from CopenhagenDANE
81.6%
Sci-fi epicDUNE
75.6%
Slang for heroin; trashJUNK
75.6%
Wife of JupiterJUNO
65.4%

Today's Daily Dose

Missing Word
'T' Pairs

Word Ladder
Game Pieces

Get the Picture
Baseball Movies

Remove Ads.
Support Sporcle.
Get the best of Sporcle when you Go Orange. This ad-free experience offers more features, more stats, and more fun while also helping to support Sporcle. Thank you for becoming a member.

You're not logged in!

Compare scores with friends on all Sporcle quizzes.
OR
Log In

Show Comments

Extras

Top Quizzes Today


Score Distribution

Your Account Isn't Verified!

In order to create a playlist on Sporcle, you need to verify the email address you used during registration. Go to your Sporcle Settings to finish the process.

Report this User

Report this user for behavior that violates our Community Guidelines.

Details: